[Event "Petroupoli-ch"]
[Site "Petropouli"]
[Date "2014.01.25"]
[Round "1"]
[White "Kotsokolos, Theodoros"]
[Black "Salahidou, Reveka"]
[Result "0-1"]
[WhiteElo "1277"]
[BlackElo "1693"]
[PlyCount "94"]
[EventDate "2014.01.25"]
[EventType "swiss"]
[EventRounds "7"]
[EventCountry "GRE"]
[SourceTitle "EXT 2015"]
[Source "ChessBase"]
[SourceDate "2014.11.20"]
[SourceVersion "1"]
[SourceVersionDate "2014.11.20"]
[SourceQuality "1"]

1. e4 c5 2. Nf3 e6 3. d4 cxd4 4. Nxd4 a6 5. Nc3 Qc7 6. Be3 Nf6 7. Be2 Bb4 8. Bd2 Bxc3 9. Bxc3 Nxe4 10. Bb4 Nc6 11. Nxc6 Qxc6 12. Bf3 Qb6 13. Qe2 Qxb4+ 14. c3 Nxc3 15. Qd2 Nxa2 16. Rxa2 Qxd2+ 17. Kxd2 d5 18. Rc1 0-0 19. Rc7 Rd8 20. Ra3 e5 21. Rac3 e4 22. Be2 b5 23. Re7 Be6 24. Rcc7 Kf8 25. Bg4 Rac8 26. Rxf7+ Bxf7 27. Bxc8 a5 28. Ba6 b4 29. Bb5 d4 30. Bc6 Bg6 31. Bb5 Rd5 32. Bc4 Rf5 33. Rc8+ Ke7 34. Ke2 d3+ 35. Ke3 d2 36. Kxd2 Rxf2+ 37. Ke3 Rxb2 38. Rc7+ Kd6 39. Rxg7 a4 40. Ra7 a3 41. Ra6+ Kc5 42. Be6 Rxg2 43. h3 Rg3+ 44. Ke2 Be8 45. Kf2 Rf3+ 46. Ke1 Bb5 47. Ra7 b3 0-1

[Event "Petroupoli ASOP Dias Seniors op"]
[Site "Petroupoli"]
[Date "2012.11.17"]
[Round "3.12"]
[White "Kokkota, Eleni"]
[Black "Kotsokolos, Theodoros"]
[Result "1-0"]
[WhiteElo "1464"]
[BlackElo "1281"]
[PlyCount "65"]
[EventDate "2012.11.03"]
[EventType "swiss"]
[EventRounds "7"]
[EventCountry "GRE"]
[SourceTitle "EXT 2024"]
[Source "ChessBase"]
[SourceDate "2023.10.10"]
[SourceVersion "1"]
[SourceVersionDate "2023.10.10"]
[SourceQuality "1"]

1. e4 c5 2. Nf3 Nc6 3. d4 cxd4 4. Nxd4 g6 5. c4 Bg7 6. Be3 e5 7. Nb5 Bf8 8. N1c3 a6 9. Nd6+ Bxd6 10. Qxd6 Qe7 11. Bc5 b6 12. Qxe7+ Ngxe7 13. Bxb6 Rb8 14. Na4 Nb4 15. Kd2 0-0 16. Bc7 Rb7 17. Bxe5 Nec6 18. Bd6 Re8 19. a3 Rxe4 20. Bxb4 Nxb4 21. axb4 Rxb4 22. Kc3 Rexc4+ 23. Bxc4 Rb8 24. Rhe1 Bb7 25. g3 Kf8 26. Nc5 Bc8 27. Bxa6 Ra8 28. Bxc8 Rxc8 29. Kd4 d6 30. Nd7+ Kg7 31. Rac1 Rd8 32. Re7 h5 33. h4 1-0

[Event "Petroupoli op 4th"]
[Site "Petroupoli"]
[Date "2012.05.09"]
[Round "4"]
[White "Kotsokolos, Theodoros"]
[Black "Bardis, Harilaos Panagiotis"]
[Result "0-1"]
[WhiteElo "1439"]
[BlackElo "1365"]
[PlyCount "58"]
[EventDate "2012.04.28"]
[EventType "swiss"]
[EventRounds "7"]
[EventCountry "GRE"]
[SourceTitle "CBM 148 Extra"]
[Source "ChessBase"]
[SourceDate "2012.06.22"]
[SourceVersion "1"]
[SourceVersionDate "2012.06.22"]
[SourceQuality "1"]

1. e4 e5 2. Nf3 Nc6 3. Bc4 Bc5 4. c3 Nf6 5. d4 exd4 6. cxd4 Bb4+ 7. Nc3 Nxe4 8. 0-0 Bxc3 9. d5 Bf6 10. Re1 Ne7 11. Rxe4 d6 12. Bg5 Bxg5 13. Nxg5 h6 14. Qe2 hxg5 15. Re1 Be6 16. dxe6 f6 17. Bd3 d5 18. Rb4 Qd6 19. Qd2 Qxh2+ 20. Kf1 0-0-0 21. Qe3 Kb8 22. Ba6 b6 23. Qf3 Qd6 24. Rb3 Ng6 25. g3 Ne5 26. Qg2 Qxe6 27. f4 gxf4 28. gxf4 Qf5 29. Qf2 Ng4 0-1

[Event "Petroupoli op 3rd"]
[Site "Petroupoli"]
[Date "2012.03.10"]
[Round "1"]
[White "Kotsokolos, Theodoros"]
[Black "Liargovas, Dimitrios"]
[Result "0-1"]
[WhiteElo "1439"]
[BlackElo "1928"]
[PlyCount "72"]
[EventDate "2012.03.10"]
[EventType "swiss"]
[EventRounds "7"]
[EventCountry "GRE"]
[SourceTitle "CBM 147 Extra"]
[Source "ChessBase"]
[SourceDate "2012.04.24"]
[SourceVersion "1"]
[SourceVersionDate "2012.04.24"]
[SourceQuality "1"]

1. e4 c5 2. Nf3 e6 3. d4 cxd4 4. Nxd4 Nf6 5. Nc3 Nc6 6. Bg5 Bb4 7. a3 Bxc3+ 8. bxc3 Qa5 9. Bd2 Nxe4 10. Nf3 Qc5 11. Qe2 Nxc3 12. Qc4 Qxc4 13. Bxc4 Ne4 14. Bc1 d5 15. Bd3 Nc5 16. 0-0 Nxd3 17. cxd3 b6 18. Re1 Ba6 19. d4 Na5 20. Re3 Rc8 21. h3 0-0 22. Ne5 Rc2 23. Re1 Nb3 24. Rb1 Nxd4 25. Nf3 Ne2+ 26. Kh1 Nxc1 27. Rexc1 Rfc8 28. Rxc2 Rxc2 29. Kg1 Rc3 30. a4 Bc4 31. Ne5 f6 32. Nxc4 Rxc4 33. Ra1 Kf7 34. Kf1 Ke7 35. Ke2 Kd6 36. Kd3 e5 0-1

[Event "Petroupoli op"]
[Site "Petroupoli"]
[Date "2012.01.28"]
[Round "5"]
[White "Kotsokolos, Theodoros"]
[Black "Katopodis, Ioannis"]
[Result "1/2-1/2"]
[WhiteElo "1015"]
[BlackElo "1613"]
[PlyCount "33"]
[EventDate "2012.01.14"]
[EventType "swiss"]
[EventRounds "7"]
[EventCountry "GRE"]
[SourceTitle "EXT 2013"]
[Source "ChessBase"]
[SourceDate "2012.11.22"]
[SourceVersion "1"]
[SourceVersionDate "2012.11.22"]
[SourceQuality "1"]

1. e4 c6 2. d4 d5 3. exd5 cxd5 4. c4 dxc4 5. Bxc4 e6 6. a3 Nf6 7. Nc3 Nbd7 8. Nf3 Nb6 9. Ba2 Nbd5 10. Nxd5 Nxd5 11. 0-0 Be7 12. Re1 Bf6 13. Ne5 0-0 14. Ng4 Be7 15. Qf3 Nb6 16. Be3 Qd7 17. Nh6+ 1/2-1/2

[Event "Petroupoli op 6th"]
[Site "Petroupoli"]
[Date "2011.10.19"]
[Round "2"]
[White "Kotsokolos, Theodoros"]
[Black "Kokkota, Eleni"]
[Result "1/2-1/2"]
[WhiteElo "1015"]
[BlackElo "1497"]
[PlyCount "63"]
[EventDate "2011.10.15"]
[EventType "swiss"]
[EventRounds "7"]
[EventCountry "GRE"]
[SourceTitle "EXT 2013"]
[Source "ChessBase"]
[SourceDate "2012.11.22"]
[SourceVersion "1"]
[SourceVersionDate "2012.11.22"]
[SourceQuality "1"]

1. e4 c5 2. Nf3 e6 3. d4 cxd4 4. Nxd4 Nc6 5. Nc3 Bb4 6. a3 Bc5 7. Be3 Qb6 8. Na4 Qa5+ 9. Nc3 Nxd4 10. Bxd4 Bxd4 11. Qxd4 Nf6 12. e5 Nd5 13. b4 Qb6 14. Qxb6 Nxb6 15. Bd3 0-0 16. 0-0 f6 17. f4 f5 18. Rf2 a6 19. Rb1 Rd8 20. Bf1 d5 21. exd6 Rxd6 22. Rd1 Rxd1 23. Nxd1 Bd7 24. Nc3 Bc6 25. g3 Nd5 26. Nxd5 Bxd5 27. Bg2 Bxg2 28. Kxg2 Rd8 29. Re2 Kf7 30. Kf3 Rd5 31. h3 h5 32. Re5 1/2-1/2

[Event "Petroupoli op 6th"]
[Site "Petroupoli"]
[Date "2011.10.15"]
[Round "1"]
[White "Kalofonos, Panayotis"]
[Black "Kotsokolos, Theodoros"]
[Result "1-0"]
[WhiteElo "1770"]
[BlackElo "1015"]
[PlyCount "61"]
[EventDate "2011.10.15"]
[EventType "swiss"]
[EventRounds "7"]
[EventCountry "GRE"]
[SourceTitle "EXT 2013"]
[Source "ChessBase"]
[SourceDate "2012.11.22"]
[SourceVersion "1"]
[SourceVersionDate "2012.11.22"]
[SourceQuality "1"]

1. e4 e6 2. d4 d5 3. Nc3 c5 4. exd5 exd5 5. Bb5+ Bd7 6. Bxd7+ Nxd7 7. Nxd5 Ngf6 8. Qe2+ Be7 9. Qxe7+ Qxe7+ 10. Nxe7 Kxe7 11. Nf3 Rhe8 12. 0-0 Kf8 13. Be3 cxd4 14. Nxd4 Ng4 15. Bd2 Nc5 16. Rfe1 Rxe1+ 17. Rxe1 Rd8 18. Bb4 b6 19. Nb3 a5 20. Nxa5 Rd4 21. a3 f6 22. Nb3 Rd5 23. Nxc5 bxc5 24. Bc3 Ne5 25. h3 Nc4 26. a4 Nd2 27. b3 c4 28. b4 f5 29. f3 g5 30. Kh1 h5 31. Rd1 1-0